000 00229 a2200097 4500
001 43913
100 _aAkram
245 _aThe Muslim Conquert of Egypt and North Africa
260 _aLahore
_bFeroz Sons
_c
090 _c27654
_d27654
942 _aNUST-CAE
_cM
_c19618
999 _c278986
_d278986